000 01377nam2a2200289 4500
001 rc\3029199
005 20260315065020.0
035 _a(NLR Aleph) 007170225
090 _a13620628
_c13620628
100 _a20110930d1935 u y0rusy50 ca
101 0 _arus
102 _aRU
105 _aa z |||||
200 0 _a4
_h1
_iПоложение работ по определению забойных давлений
_fГерольд, С.
_h2
_iЭффективность фонтанирующих скважин
_fМей, С.
210 _d1935
215 _a26 с.
_cчерт., граф.
225 1 _aИностранная нефтяная техника
_fЦентр. бюро нефтяной техн. информации ВНТС (ЦБНТИ)
_vВып. 286
300 _aНастоящий выпуск входит в "Библиотечку технических переводов" по вопросам эксплоатации нефти № 10
320 _aБиблиогр.: с. 9
461 0 _1001rc\3029198
_12001#$aПроблемы эксплоатации$eIV-$v4
_97338387
_cБаку
_d1935
_nОНТИ, Азнефтеиздат
_oIV-
_tПроблемы эксплоатации
_v4
700 1 _aГерольд
_bС.
701 1 _aМей
_bС.
801 0 _aRU
_bNLR
_gpsbo
801 1 _aRU
_bELAR
_2rusmarc
852 _aNLR
_j35-17/387
942 _cUNSPEC
980 _aNB